Plan de emergencia familiar : ¿lo ha hecho vd.? ¿lo ha hecho vd.?
Publicado:
Barcelona :
Diputación Provincial de Barcelona. Servicio Provincial de Prevención y Extinción de Incendios (S.P.P.E.I.) ,
1976
Descripción Física:
1 f. : il. ; 30 cm
Materias:
Incendis -- Prevenció -- Formularis
MARC
| LEADER | 00000nam a2200000Ia 4500 | ||
|---|---|---|---|
| 001 | 19288 | ||
| 008 | 160829s1976 xx 000 0 cat d | ||
| 080 | |a FU-3-45 | ||
| 245 | |a Plan de emergencia familiar : |b ¿lo ha hecho vd.? | ||
| 260 | |a Barcelona : |b Diputación Provincial de Barcelona. Servicio Provincial de Prevención y Extinción de Incendios (S.P.P.E.I.), |c 1976 | ||
| 300 | |a 1 f. : |b il. ; |c 30 cm | ||
| 590 | |a Prové de Q-172 | ||
| 650 | |a Incendis |x Prevenció |x Formularis |9 47813 | ||
| 710 | 1 | |9 54956 |a Barcelona (Catalunya : Província). |b Servicio Provincial de Extinción de Incendios | |
| 901 | |a Arxiu | ||
| 942 | |n 1 |2 udc | ||
| 952 | |0 0 |1 0 |4 0 |6 FU345 |7 1 |9 54131 |a Arxiu |b Arxiu |d 2016-12-01 |l 0 |o FU-3-45 |p 19288 |r 2016-12-01 00:00:00 |w 2016-12-01 |y ARXIU | ||
| 999 | |c 58000 |d 58000 | ||